Statistiken für Ergebnisdiagramm der Fußball-Weltmeisterschaft 1978

Klicken Sie hier um das Quiz zu spielen!

Allgemein

  • Dieses Quiz wurde 403 mal gespielt
  • Das Durchschnittsergebnis liegt bei 11 aus 16

Antworten auf der Karte

Die Antworten werden auf der Karte rot bzw. grün angezeigt, abhängig davon wie oft sie richtig erraten wurden.
 

Antwortstatistiken

Nation% Korrekt
Argentinien
97%
Brasilien
97%
Italien
90%
BR Deutschland
87%
Spanien
84%
Niederlande
83%
Frankreich
81%
Mexiko
72%
Schweden
67%
Polen
65%
Österreich
63%
Ungarn
55%
Peru
54%
Schottland
42%
Iran
35%
Tunesien
35%

Verteilung der Resultate

Perzentil nach korrekt beantworteten Fragen

Anzahl Personen mit jedem Resultat

Ihre Resultats-Entwicklung

Sie haben dieses Quiz noch nicht gespielt